| 000 | 00803cab a2200301 4500 | ||
|---|---|---|---|
| 001 | WB3140-09 | ||
| 008 | 090401t1995 xxu||||| |||| 00| 0 eng d | ||
| 035 | _a(Sirsi) u9038 | ||
| 041 | _aeng | ||
| 245 | _aTokyo: highest office rents | ||
| 260 | _c1995 | ||
| 350 | _a0 | ||
| 490 |
_aDaily Telegraph _v23 October 1995, 31(1) |
||
| 520 | _aSummarises a survey by WG&S on office rents in major cities around the world. | ||
| 650 | _aAMSTERDAM | ||
| 650 | _aBERLIN | ||
| 650 | _aBRUSSELS | ||
| 650 | _aLONDON | ||
| 650 | _aMADRID | ||
| 650 | _aNEW YORK | ||
| 650 | _aPROPERTY-COMMERCIAL PROPERTY-OFFICE PROPERTY-OFFICE PROPERTY MARKET | ||
| 650 | _aOFFICE RENTS | ||
| 650 | _aPARIS | ||
| 650 | _aTOKYO | ||
| 690 | _aPROPERTY-COMMERCIAL PROPERTY | ||
| 942 | _n0 | ||
| 948 | _c04/03/1997 | ||
| 999 |
_c5600 _d5600 |
||